The History of Medical Education (Record no. 1408)

000 -LEADER
fixed length control field 00633nam a22001937a 4500
005 - DATE AND TIME OF LATEST TRANSACTION
control field 20210426071543.0
008 - FIXED-LENGTH DATA ELEMENTS--GENERAL INFORMATION
fixed length control field 210216s1970 ||||| |||| 00| 0 eng d
040 ## - CATALOGING SOURCE
Original cataloging agency eng
Transcribing agency DLC
041 ## - LANGUAGE CODE
Language code of text/sound track or separate title eng
080 ## - UNIVERSAL DECIMAL CLASSIFICATION NUMBER
Universal Decimal Classification number 61 (09)
Item number M-21
100 ## - MAIN ENTRY--PERSONAL NAME
9 (RLIN) 895
Personal name O'Malley, D., C.
Relator term Editor
245 ## - TITLE STATEMENT
Title The History of Medical Education
Remainder of title : UCLA Forum in Medical Sciences Number 12
Statement of responsibility, etc. / by: University of California Press
260 ## - PUBLICATION, DISTRIBUTION, ETC.
Place of publication, distribution, etc. Berkeley
Name of publisher, distributor, etc. University of California Press
Date of publication, distribution, etc. 1970
300 ## - PHYSICAL DESCRIPTION
Extent 548 p.
Other physical details ill.
365 ## - TRADE PRICE
Price amount 10 usd
650 #0 - SUBJECT ADDED ENTRY--TOPICAL TERM
9 (RLIN) 335
Topical term or geographic name entry element History of Medicine
653 ## - INDEX TERM--UNCONTROLLED
Uncontrolled term მედიცინის ისტორია
942 ## - ADDED ENTRY ELEMENTS (KOHA)
Source of classification or shelving scheme
Koha item type Books
Holdings
Withdrawn status Lost status Source of classification or shelving scheme Damaged status Not for loan Permanent location Current location Date acquired Inventory number Total Checkouts Full call number Barcode Date last seen Price effective from Koha item type
          Ken Walker International University Ken Walker International University 02/16/2021 2242   61 (09) M-21 2242 02/16/2021 02/16/2021 Books
          Ken Walker International University Ken Walker International University 02/16/2021 2245   61 (09) M-21 2245 02/16/2021 02/16/2021 Books

Powered by Koha